Better left unsaid (Ariana Grande) - lyrics - Statistics

General Stats
  • This quiz has been taken 14 times
  • The average score is 211 of 265
Answer Stats
Answer % Correct
A
100%
a
100%
And
100%
and
100%
are
100%
Are
100%
be
100%
better
100%
but
100%
I
100%
left
100%
So
100%
so
100%
Some
100%
some
100%
things
100%
unsaid
100%
you
100%
don't
89%
Don't
89%
have
89%
life
89%
me
89%
blame
78%
everyday
78%
I'm
78%
is
78%
just
78%
kiss
78%
Like
78%
like
78%
miss
78%
more
78%
my
78%
Oh
78%
oh
78%
once
78%
say
78%
that
78%
the
78%
told
78%
up
78%
up,
78%
all
67%
broken
67%
gonna
67%
hands
67%
heart
67%
If
67%
I'll
67%
many
67%
never
67%
party
67%
put
67%
shut
67%
swore
67%
wanna
67%
would
67%
your
67%
alright
56%
drinks,
56%
drinks
56%
Get
56%
hard
56%
hit
56%
need
56%
now
56%
out
56%
reasons
56%
tell
56%
Tonight
56%
tonight
56%
Too
56%
truth
56%
It
44%
lie,
44%
Said
44%
said
44%
babe
33%
could
33%
lose
33%
play
33%
No matching quizzes found
Score Distribution
Percent of People with Each Score
Percentile by Number Answered
Your Score History
You have not taken this quiz